Catalogue de la Bibliothèque de l'ENSA

Bilan des travaux de recherche à l'ENSA sur les effets d'une alimentation de longue durée à base de paille non traitée ou traitée à l'ammoniac ou à l'urée et de fourrages couramment utilisés en Algérie (notice nᵒ 28228)

détails MARC
005 - DATE/HEURE DE LA DERNIERE TRANSACTION
control field 20170427054402.0
037 ## - SOURCE D'ACQUISITION
Cote IA 1432 48/A-B$PA_TH 751/A-B
040 ## - SOURCE DU CATALOGAGE
Origine catalogage BC-ENSA
Langue du catalogage Fre
041 ## - CODE DE LANGUE
Langue Français
Langue du résumé Français-Anglais-Arabe
080 ## - INDICE DE LA CLASSIFICATION DÉCIMALE UNIVERSELLE
Indice CDU 636.084
084 ## - DOMAINE "AGRIS"
Domaine L02 – Alimentation animale
100 ## - VEDETTE PRINCIPALE - AUTEUR PRINCIPAL
Auteur BENAICHA, Bouchra
245 ## - MENTION DU TITRE
Titre Bilan des travaux de recherche à l'ENSA sur les effets d'une alimentation de longue durée à base de paille non traitée ou traitée à l'ammoniac ou à l'urée et de fourrages couramment utilisés en Algérie
Complément de titre sur les performances de croissance et reproduction des brebis de race Ouled Djellal
Mention de responsabilité Bouchra Benaicha, Raziqa Zidour
260 ## - PUBLICATION, DIFFUSION, ETC. (ADRESSE BIBLIOGRAPHIQUE)
Année d'édition 2015
300 ## - DESCRIPTION MATÉRIELLE
Nombre de pages 57 p. :
Illustration 14 ill., 22 tab., 87 réf.
Format 30 cm
541 ## - NOTE SUR LA SOURCE IMMÉDIATE D'ACQUISITION
Méthode d'acquisition Production Locale
562 ## - NOTE D'IDENTIFICATION DES EXEMPLAIRES ET VERSIONS
Nombre d'exemplaire 4
700 ## - DIRECTEUR DE THÈSE
NOM et Prenom TRIKI S.
Fonction Directeur de Thèse
700 ## - DIRECTEUR DE THÈSE
NOM et Prenom BENMESSAOUD N.E.
Fonction Co-Directeur
942 ## - ADDED ENTRY ELEMENTS (KOHA)
Type document Thèse - Mémoire
500 ## - NOTE GÉNÉRALE
Notes Cote d'origine affecter par BC : IA 1432 48/C-D devient PA_TH 751/A-B
502 ## - NOTE DE THESE
Notes thèse Mém.-ing. : Agron.
Niveau Ingénieur
Université ENSA : département de Productions Animales
Lieu de soutenance El Harrach
653 ## - DESCRIPTEUR LIBRE
Mots clés libres ALIMENTATION/CROISSANCE/REPRODUCTION/AGNELLES/BREBIS/ALGERIE
Exemplaires
statut de retrait Statut Emplacement permanent Localisation actuelle Emplacement rayonnages Cote Code à barre Koha item type
    Bibliothèque Centrale Bibliothèque Centrale Magasin sous sol IA 1432 48/A IA 1432 48/A Thèse - Mémoire
    Bibliothèque Centrale Bibliothèque Centrale Magasin sous sol IA 1432 48/B IA 1432 48/B Thèse - Mémoire
    Département de Productions Animales Département de Productions Animales Bibliothèque de Productions animales PA_TH 751/A PA_TH 751/A Thèse - Mémoire
    Département de Productions Animales Département de Productions Animales Bibliothèque de Productions animales PA_TH 751/B PA_TH 751/B Thèse - Mémoire

Adresse: Ecole Nationale Supérieure Agronomique Hassen Badi - El Harrach Alger, Algérie

Tél +213 (0) 23 82 85 07+213 (0) 23 82 85 12 Fax +213 23 82 85 03/04 Courriel: bibliotheque@edu.ensa.dz